Представление документа в формате RUSMARC

ПолеНазваниеЗначение
  Тип записи a
  Библиографический уровень m
001 Контрольный номер 0f392164a68949d6b77597780024ca3a
005 Дата корректировки 20140610130339.3
010 Индекс ISBN __
a ISBN 5-8459-0821-3
d Цена 192.33
010 Индекс ISBN __
a ISBN 1-932-15670-4
101 Язык документа 0_
a Язык текста rus
102 Страна публикации __
a Страна публикации RU
200 Заглавие и сведения об ответственности 1_
a Заглавие Привычки на миллионы долларов: проверенные эффективные методики по удвоению и утроению ваших доходов
e Сведения, относящиеся к заглавию пер. с англ.
f Первые сведения об ответственности Брайан Трейси
210 Выходные данные 1_
c Издательство Вильямс
a Место издания М.
x СПб.
y Киев
d Дата издания 2005
215 Физическое описание __
a Объем 348,[4] с.
610 Ключевые слова 0_
a Ключевые слова как научиться удваивать доходы
610 Ключевые слова 0_
a Ключевые слова успех
610 Ключевые слова 0_
a Ключевые слова психология личности
686 Индексы других классификаций __
a Классификационный индекс 88.37
2 Код системы rubbk
700 Автор _1
a Фамилия Трейси
g Полное личное имя Брайан
801 Источник записи _0
a Страна RU
b Организация РУК
c Дата составления 20060112
g Правила каталогизации PSBO
801 Источник записи _1
a Страна RU
b Организация РУК
c Дата составления 20060112
g Правила каталогизации PSBO
852 Данные о местонахождении __
i Авторский знак Т 66
j Шифр хранения ББК 88
901 Тип документа __
t Тип документа m
938 Служебная информация __
a Название организации Головной вуз
b Имя БД BOOK
c Название АИБС АИБС ИРБИС